| 000 | 00368nam a2200145Ia 4500 | ||
|---|---|---|---|
| 008 | 230917s9999||||xx |||||||||||||| ||und|| | ||
| 040 |
_e46184 _aMAIN |
||
| 041 | _aEnglish | ||
| 082 | _a822.33 S15N:T | ||
| 100 | _aNevo, Ruth | ||
| 245 | 0 | _aTragic form in Shakespeare | |
| 260 |
_aPrinceton _bPrinceton University Press _c1972 |
||
| 300 | _axi, 412 p. | ||
| 942 | _cBK | ||
| 999 |
_c186664 _d186664 |
||